00351nam a2200133 a 450008200150000010000250001524500260004026000320006630000090009850000350010750500240014265000260016670000250019200a299.6bPAR aParrinder, Geofferey aWest African Religion aLondonbEpworth Pressc1961 a203p aincludes index and biblioraphy2 aBibliography, Index aReligion-West African1 aParrinder, Geofferey